000 00900nac a22002657a 4500
001 BR7307057
003 BR-BrBNA
005 20240105113537.0
008 230509b bl.|||m| |||| 00| 0 por d
040 _aBR-BrBNA
_bpor
_cBiblioteca Nacional de Agricultura
072 _aF00
090 _a1112 BR7307057
110 1 _aEmpresa Brasileira de Pesquisa Agropecuaria, Brasilia, DF (Brasil);
110 1 _aEmpresa Brasileira de Assistencia Tecnica e Extensao Rural, Brasilia, DF (Brasil)
245 1 _aSistema de producao para banana. Pedreiras (cocais), Maranhao [Brasil]
260 3 _aBrasilia, DF (Brasil):
_c1976.
300 _a27 p.
490 _aSistemas de Producao. Boletim (Brazil)
_vno. 42
_xISSN 0100-5359
650 _aBANANA
650 _aPRATICA CULTURAL
650 _aCOCAIS
650 _aMARANHAO
909 _a202312
_bLúcia Elande
_c55
_dLúcia Elande
942 _2AGRIS
_n0
_cMS
999 _c264344
_d264344